F1 - Tous les pilotes ayant couru pour Alfa Romeo - Statistiques

Statistiques générales
  • Ce quiz a été pris 14 fois
  • Le résultat moyen est 6 sur 22
Statistiques - réponses
Années chez Alfa Romeo Nationalités Pilotes % Correct
2022-2023 Finlande Valterri Bottas
92%
2019-2021 Finlande Kimi Räikkönen
85%
2021 Pologne Robert Kubica
85%
2019-2021 Italie Antonio Giovinazzi
69%
2022-2023 Chine Zhou Guanyu
62%
1950-1951 Italie Giuseppe Farina
46%
1950-1951 Argentine Juan Manuel Fangio
46%
1981 Etats-Unis Mario Andretti
31%
1951 Suisse Emmanuel de Graffenried
23%
1950-1951 Italie Luigi Fagioli
23%
1984-1985 Etats-Unis Eddie Cheever
15%
1950 Italie Piero Taruffi
15%
1984-1985 Italie Riccardo Patrese
15%
1980 ; 1982-1983 Italie Andrea de Cesaris
8%
1979-1982 Italie Bruno Giacomelli
8%
1980 France Patrick Depailler
8%
1950-1951 Italie Consalvo Sanesi
0%
1951 Italie Felice Bonetto
0%
1983 Italie Mauro Baldi
0%
1951 Allemagne Paul Pietsch
0%
1950 Royaume-Uni Reg Parnell
0%
1979-1980 Italie Vittorio Brambilla
0%
Aucun quiz correspondant
Distribution des résultats
% des personnes avec chaque résultat
Percentile par nombre de réponses
Votre historique - résultats
Vous n’avez pas pris ce quiz